ZEMEK M., ZIMÁKOVÁ A., OKRESNÍ ARCHÍV BŘECLAV SE SÍDLEM V MIKULOVĚ. PRŮVODCE PO ARCHÍVNÍCH FONDECH A SBÍRKÁCH

Bibliographic Details
Main Author: Šimonič, Jozef (Author)
Format: Article
Language:Slovak

MARC

LEADER 00000nab a2200000uu 4500
001 vtls010877434
003 SK-MaSNL
005 20260303145139.0
008 230222|1977 xo |||||||||||||||||slo|
015 |a SNBRB 
035 |a (urnnbn)urn:nbn:sk:snk:ar-005rq3 
035 |a (uuid)d0f7ff6a-5085-4df0-bd44-3b27fbd06b85 
035 |a urn:nbn:sk:snk-ab7luq 
040 |a SNKBUCL  |b slo  |c SNKBUCL  |e AACR2 
041 0 |a slo 
044 |a xo  |c SK 
100 1 |a Šimonič, Jozef  |4 aut  |9 1167523 
245 1 0 |a ZEMEK M., ZIMÁKOVÁ A., OKRESNÍ ARCHÍV BŘECLAV SE SÍDLEM V MIKULOVĚ. PRŮVODCE PO ARCHÍVNÍCH FONDECH A SBÍRKÁCH  |c Jozef Šimonič 
773 0 |t Slovenská archivistika  |g Roč. 12, č. 1 (1977), s. 150-151 
954 |a odborná, vedecká literatúra pôvodná (slovenská)  |2 lita 
958 |a OND 
958 |a EUIPO 
958 |a article8 
999 |c 2000877  |d 2002807